ERRR - La Fève - Statistiques

Statistiques générales
  • Ce quiz a été pris 177 fois
  • Le résultat moyen est 10 sur 18
Statistiques - réponses
Hint Titre % Correct
10. MAUVAIS PAYEUR
96%
9. ZAZA
78%
5. NO HOOK
76%
14. VOITURE SPORTIVE
72%
18. LYELE OUTRO
70%
1. BELEK
61%
17. KANYE WEST
60%
4. CASTRO
54%
2. OTW
53%
8. RAT INTERLUDE
53%
6. SAOULE
53%
11. VOIR AILLEURS
51%
13. LONERRR
48%
3. L'APPEL
47%
12. BOXE INTERLUDE
45%
7. CRENSHAW
43%
16. VVS
43%
15. ZOMBIE
43%
Aucun quiz correspondant
Distribution des résultats
% des personnes avec chaque résultat
Percentile par nombre de réponses
Votre historique - résultats
Vous n’avez pas pris ce quiz